Дело по ходатайству земств об учреждении должностей руководителей на счет земств для сельских учителей

Доступно только в Электронных читальных залах Найти на картеНа карте
RUSMARC
00003768nmc2a22000003x 450
00171528ff9-1546-404d-aa58-db6efc8d5688
00520210209081145.0
100##$a20190606l18701883k l0rusy0189 ca
1010#$arus
102##$aRU
2001#$aДело по ходатайству земств об учреждении должностей руководителей на счет земств для сельских учителей
$j7 января 1870 г. - 6 января 1883 г.
251##$cДело
300##$aДело
801#0$aRU
$bРГИА
$c20190606
$gRCR
801#1$aRU
$bГлавНИВЦ
$c20190606
$2rusmarc
801#2$aRU
$bПБ им. Б.Н. Ельцина
$c20210209
$gRCR
$2rusmarc
850##$aРГИА
852##$aРГИА
$eФедеральное казенное учреждение "Российский государственный исторический архив" (РГИА)
$j472
937##$hРГИА
$d12301164
$aASBIBLIO_SCAN
462#0$100149b8f3c6-c11a-48a7-8b8d-2a3d0c35e32e
$12001
$aДела разряда учительских семинарий и начальных училищ Департамента народного просвещения за 1838-1880 гг
$1251
$cОпись
$1852
$j170
461#0$1001a74412a3-3cc5-4d21-8f0a-dfe2fbd9e72d
$12001
$aДепартамент народного просвещения Министерства народного просвещения (1803-1917)
$1251
$cФонд
$1852
$j733
215##$a711 л.
$d36,5х26 см
371##$aДокумент не является опубликованным и широко распространяемым
105##$ay###
1222#$ad
035##$a71528ff9-1546-404d-aa58-db6efc8d5688
856##$uhttp://readingroom.main.prlib.ru/item.aspx?id_node=n156453680&mode=full
Формат отображения